Statistics for Who Owns That Company #1

Click here to take the quiz!

General Stats

  • This quiz has been taken 12 times
  • The average score is 5 of 10

Answer Stats

Company That is OwnedCompany That Owns The Company% Correct
YouTubeGoogle
100%
SpriteCoca-Cola
90%
ReebokAdidas
80%
BAND-AIDJohnson and Johnson
70%
GatoradePepsi
70%
ConverseNike
50%
CrestProcter and Gamble
20%
WindexS.C. Johnson
20%
Louis VuittonLVMH
10%
LeeVF
0%

Score Distribution

Percentile by Number Answered

Percent of People with Each Score

Your Score History

You have not taken this quiz